| 000 | 01041nam a2200217Ia 4500 | ||
|---|---|---|---|
| 008 | 220216s9999 xx 000 0 und d | ||
| 100 | _aClement-Demange A | ||
| 245 | 0 | _aSelection strategies in Hevea | |
| 260 | _bIn: Traitements statistiques des essais de selection, 12-14 September 1994, Montpellier, France p 227-242 | ||
| 500 | _aSource Year: 1996 | ||
| 520 | _aA survey is presented under these headings: aims of selection; history, current situation and prospects of Hevea breeding; biology of Hevea and selection criteria used in the Cote dIvoire; experimental designs used for genetic recombination and selection; genetic resources and improvement of Amazonian germplasm; the Cote dIvoire selection scheme; choice of parents; genetic control of disease- the case of Microcyclus [ulei]; and conclusion. | ||
| 650 | _aCote dIvoire | ||
| 650 | _aGenetic improvement | ||
| 650 | _aHevea breeding | ||
| 700 | _aGnagne M | ||
| 700 | _aLegnate H | ||
| 700 | _aNicolas D | ||
| 700 | _aRivano F | ||
| 856 | _uPBA | ||
| 942 | _cJS | ||
| 999 |
_c68573 _d68573 |
||